00478nam a22001457a 4500010001300000020002300013035001300036037001600049040001200065082001300077110004600090245011300136260005700249300002600306 aB-061172 a8178330873c975.00 aB-061172 aCen Lib/Ret aDPLbEn a686bHAN bNational Institute of Industrial Research aHandbok on printing technologyboffset, gravure, flexo, screencby National Institute of Industrial Research aNew DelhibNational Institute of Industrial Research aviii, 644p b24cm(Pb)